| 000 | 01272cam a2200361 i 4500 | ||
|---|---|---|---|
| 001 | 18080258 | ||
| 003 | OSt | ||
| 005 | 20260213124359.0 | ||
| 008 | 140325s2014 ilua b 000 0 eng | ||
| 010 | _a 2014003546 | ||
| 020 |
_a9780830842841 _qpaper |
||
| 020 | _z9780830895861 (digital) | ||
| 035 | _a18080258 | ||
| 040 |
_aDLC _beng _cDLC _erda _dDLC |
||
| 042 | _apcc | ||
| 050 | 0 | 0 |
_aBS1255.53 _b.S59 2014 |
| 082 | 0 | 0 |
_a222/.1307 _223 |
| 100 | 1 | _aSklar, Jay. | |
| 245 | 1 | 0 |
_aLeviticus : _ban introduction and commentary / _cJay Sklar. |
| 264 | 1 |
_aDowners Grove, IL : _bInter-Varsity Press, _c2014. |
|
| 300 |
_a336 pages : _billustrations ; _c21 cm. |
||
| 336 |
_atext _btxt _2rdacontent |
||
| 337 |
_aunmediated _bn _2rdamedia |
||
| 338 |
_avolume _bnc _2rdacarrier |
||
| 490 | 0 |
_aTyndale Old Testament commentaries ; _vVolume 3 |
|
| 504 | _aIncludes bibliographical references. | ||
| 630 | 0 | 0 |
_aBible. _pLeviticus _vCommentaries. |
| 655 | 7 |
_aCommentaries. _2lcgft _0https://id.loc.gov/authorities/genreForms/gf2025026014 |
|
| 906 |
_a7 _bcbc _corignew _d1 _eecip _f20 _gy-gencatlg |
||
| 942 |
_2lcc _cBK |
||
| 999 |
_c21211 _d21210 |
||